000 00617nam a22001937a 4500
999 _c171969
_d171969
005 20200124101053.0
010 _aB-209209
020 _c200.00
035 _aB-209209
037 _bBPPD/Pub.
082 _aک
100 _aعصمت چغتاي
245 _aعصمت چغتای کے افسانے /
_cعصمت چغتاي
246 _aIsmat Chughtai ke Afsaney (Urdu) /
_bby Ismat Chughtai
260 _aDelhi
_bKitabi Duniya
_c2006 ء
270 _a1955, Gali Nawab Mirza, Moh. Qabristan, Opp. Anglo Arabic School, Turkman Gate
_bDelhi
_e110006
300 _a374p.
_c22cm(Hb)
942 _2ddc
_cUR
_hک
_mچ غ ت